00409pab a2200145 454500008004000000100002100040245007700061260000900138300001400147362000800161650002700169650003300196650001600229773001800245180718b2006 xxu||||| |||| 00| 0 eng d aKodoth, Praveena aGender and land rights in Kerala: a review of legal and empirical issues c2006 ap.90-119. aJun aWomen - India - Kerala aLand tenure - India - Kerala aLand tenure aAdministrator